000 00912 a2200229 4500
003 UA-OsUOA
005 20230615160849.0
008 230615b un ||||| |||| 00| 0 ukr d
020 _a9789665404811
040 _aUA-OsUOA
_bukr
_cUA-OsUOA
_dUA-OsUOA
041 _aukr
080 _a332.5:001.8
090 _a332.5:001.8
_bН74
100 _aНоваковський Л. Я.
245 _aЧом, чом, земле моя: роздуми про землекористування
_cЛ. Я. Новаковський
260 _aК.
_bАграрна наука
_c2020
300 _a516 с.
650 _2UDC
_a332.5 Потреби у землі. Довгострокове планування використання землі
942 _cBK
_2udc
955 _a1
999 _c574424
_d574424